| 000 | 01107cam a2200373 i 4500 | ||
|---|---|---|---|
| 001 | 0000490 | ||
| 003 | DO-SdBPM | ||
| 005 | 20250722103806.0 | ||
| 007 | ta | ||
| 008 | 100514s 2007 ag | |||| 000 f spa | ||
| 015 | _a | ||
| 017 |
_a _b |
||
| 020 | _a9789500833523 | ||
| 035 | _a | ||
| 040 |
_aDO-SdBPM _bspa _cBPMSU _e rda |
||
| 080 | _a | ||
| 082 | 4 |
_a853.8 _bS164 c 2007 _222 |
|
| 100 | 1 |
_aSalgari, Emilio _d1862-1911. _eautor |
|
| 240 | 1 | 3 |
_aIl corsario negro _lfre. |
| 245 | 1 | 3 |
_aEl corsario negro / _cEmilio Salgari ; ilustración Raúl Stevano _h |
| 250 | _a6a. ed. | ||
| 264 |
_aBuenos Aires, Argentina : _bAtlántida, _c2007. |
||
| 300 |
_a198 páginas : _bilustraciones, _c20 m |
||
| 336 |
_atexto _btxt _2rdacontent |
||
| 337 |
_asin mediación _bn _2rdamedia |
||
| 338 |
_avolumen _bnc _2rdacarrier |
||
| 490 | 0 |
_aNueva biblioteca Billiken, _v31 |
|
| 590 | _aInventariado, 2025/VM | ||
| 650 | 7 | _aNovela juvenil italiana | |
| 650 | 7 | _aNovela de aventuras | |
| 700 | 1 |
_aStevano, Raúl _eilustraciones |
|
| 910 | _aVMateo V. Control de calidad. BPMSU | ||
| 942 |
_2ddc _cBK |
||
| 999 |
_c10718 _d10718 |
||